000 00637nam a2200229Ia 4500
005 20250508170022.0
008 008 250505s9999 xx 000 0 eng d
020 _a978-1-138-38493-4
037 _aTextual
040 _aFEDL
_beng
_cFEDL
041 _aeng
_2eng
084 _a370.7, MCC
_qFEDL
100 _aMcclelland V Alan Ed.
_9782727
245 0 _aAdvances in teacher education
260 _aLondon, UK
_bRoutledge
_c1989
300 _avii, 218p.
365 _aINR
_b995
546 _aIndian reprint, 2018
700 _a Varma Ved P Ed.
_9782728
942 _cTEXL
_h370.7, MCC
999 _c1398711
_d1398711